Actors who worked with Andrea Arnold - Statistics

General Stats
  • This quiz has been taken 4 times
  • The average score is 16 of 26
Answer Stats
Hint Answer % Correct
Bird Barry Keoghan
100%
Fish Tank Michael Fassbender
100%
American Honey Riley Keough
100%
American Honey Sasha Lane
100%
American Honey Shia LaBeouf
100%
Red Road Kate Dickie
75%
American Honey Arielle Holmes
50%
Bird Frankie Box
50%
Bird Franz Rogowski
50%
Fish Tank Harry Treadaway
50%
Wuthering Heights James Howson
50%
Bird Jasmine Jobson
50%
Bird Jason Buda
50%
Fish Tank Katie Jarvis
50%
Wuthering Heights Kaya Scodelario
50%
Fish Tank Kierston Wareing
50%
Red Road Martin Compston
50%
Red Road Natalie Press
50%
Bird Nykiya Adams
50%
Red Road Paul Higgins
50%
Fish Tank Rebecca Griffiths
50%
Wuthering Heights Shannon Beer
50%
Wuthering Heights Solomon Glave
50%
Red Road Tony Curran
50%
American Honey Will Patton
50%
Wuthering Heights Steve Evans
25%
No matching quizzes found
Score Distribution
Percent of People with Each Score
Percentile by Number Answered
Your Score History
You have not taken this quiz